| 000 | 00866cam a22002411 4500 | ||
|---|---|---|---|
| 001 | he 68000946 | ||
| 003 | DLC | ||
| 005 | 20260227111456.0 | ||
| 008 | 940517s1967 is abch 000 0 hebr | ||
| 010 | _ahe 68000946 | ||
| 035 | _a(OCoLC)30450809 | ||
| 040 |
_aDLC _cCU _dCU _dDLC |
||
| 042 | _apremarc | ||
| 050 | 0 | 0 |
_aDS127 _b.S53 |
| 245 | 0 | 0 |
_aMilḥemet sheshet ha-yamim = _bThe six-day war = La guerre des six jours. 26. be-Iyar-2. be-Siṿan 727, 5.-10. 6. 1967. _c[ha-ʻOrekh: Naftali Arbel. |
| 260 |
_aTel-Aviv] _bM. Mizraḥi _c[1967] |
||
| 300 |
_a320 p. _b(chiefly illus., facsims., maps, ports.) _c31 cm. |
||
| 501 | _aIn case, as issued, with Milḥamah ṿe-nitsaḥon. [Tel-Aviv] M. Mizraḥi [1967] | ||
| 650 | 0 |
_aIsrael-Arab War, 1967 _vPictorial works. |
|
| 740 | 0 | _aSix-day war. | |
| 740 | 0 | _aGuerre des six jours. | |
| 700 | 1 | _aArbel, Naftali. | |
| 999 |
_c33158 _d33158 |
||